[Event "Pilsen Open 2014"]
[Site "Pilsen CZE"]
[Date "2014.11.25"]
[Round "3"]
[White "Sideris, Nikiforos"]
[Black "Nemcova, Karin"]
[Result "1-0"]
[WhiteElo "2017"]
[BlackElo "1751"]
[PlyCount "63"]
[EventDate "2014.11.23"]
[EventType "swiss"]
[EventRounds "7"]
[Source "lmi"]
[SourceDate "2014.11.23"]

1. b3 d5 2. Bb2 Bf5 3. d3 e6 4. Nd2 Nf6 5. g3 Nbd7 6. Bg2 c6 7. a3 Bc5 8. Ngf3
O-O 9. O-O h6 10. b4 Be7 11. Re1 Bh7 12. e4 dxe4 13. dxe4 a5 14. bxa5 Qxa5 15.
Nd4 Rfd8 16. Qe2 Qa6 17. Qe3 e5 18. N4b3 Qb5 19. a4 Rxa4 20. Bf1 Ng4 21. Bxb5
Nxe3 22. Rxa4 Nxc2 23. Rc1 cxb5 24. Ra7 Nb4 25. Rxb7 Bg5 26. Rcc7 Nf6 27. Rxf7
Bxd2 28. Rxg7+ Kh8 29. Bxe5 Bg5 30. Rxh7+ Kg8 31. Rhg7+ Kh8 32. f4 1-0

[Event "Pilsen Open 2014"]
[Site "Pilsen CZE"]
[Date "2014.11.25"]
[Round "3"]
[White "Thierry, Rein"]
[Black "Kucera, Tomas"]
[Result "0-1"]
[WhiteElo "1700"]
[BlackElo "1978"]
[PlyCount "90"]
[EventDate "2014.11.23"]
[EventType "swiss"]
[EventRounds "7"]
[Source "lmi"]
[SourceDate "2014.11.23"]

1. d4 Nf6 2. Nf3 d6 3. Bf4 g6 4. e3 Bg7 5. c3 O-O 6. Nbd2 Nbd7 7. Be2 b6 8. O-O
Bb7 9. h3 c5 10. Re1 Rc8 11. Rc1 Re8 12. Bb5 a6 13. Bxd7 Qxd7 14. dxc5 Rxc5 15.
Qe2 Nh5 16. Bh2 f5 17. Red1 Rc7 18. Qd3 Qc6 19. Ne1 Rf8 20. Ndf3 Bf6 21. Nd4
Qd5 22. c4 Qf7 23. b3 Rd7 24. Ne2 Bb2 25. Nc3 Bxc1 26. Rxc1 Rc7 27. Rd1 Nf6 28.
Qd4 Nd7 29. Ne2 Qf6 30. Qxf6 Rxf6 31. Bf4 e5 32. Bg5 Re6 33. Nc3 Kg7 34. Nd3 h6
35. Bh4 g5 36. Bg3 b5 37. Nb2 Nb6 38. Nd5 Bxd5 39. cxd5 Re8 40. Nd3 a5 41. b4
a4 42. f4 gxf4 43. exf4 e4 44. Bf2 Nxd5 45. Ne5 Nxf4 0-1

[Event "Pilsen Open 2014"]
[Site "Pilsen CZE"]
[Date "2014.11.25"]
[Round "3"]
[White "Hlozek, David"]
[Black "Borisek, Anze"]
[Result "0-1"]
[WhiteElo "1594"]
[BlackElo "1934"]
[PlyCount "61"]
[EventDate "2014.11.23"]
[EventType "swiss"]
[EventRounds "7"]
[Source "lmi"]
[SourceDate "2014.11.23"]

1. e4 b6 2. d4 Bb7 3. Bd3 f5 4. f3 e5 5. dxe5 fxe4 6. fxe4 Bxe4 7. Nf3 Bxd3 8.
Qxd3 Bc5 9. Nc3 Nc6 10. Ne4 Qe7 11. Bg5 Nxe5 12. Nxe5 Qxe5 13. O-O-O Ne7 14.
Qxd7+ Kf7 15. Rhf1+ Kg6 16. Qg4 h5 17. Bf4+ hxg4 18. Bxe5 Nf5 19. Rfe1 Be3+ 20.
Nd2 Bg5 21. Kb1 Ne3 22. Rc1 Nxg2 23. Re2 Nf4 24. Rf2 Nd5 25. Rd1 Ne3 26. Re1
Rae8 27. Bg3 Nf5 28. Ref1 Nxg3 29. hxg3 Re3 30. Rf7 Rhe8 31. Rxg7+ 0-1

[Event "Pilsen Open 2014"]
[Site "Pilsen CZE"]
[Date "2014.11.25"]
[Round "3"]
[White "Domanski, Lukasz"]
[Black "Froehlich, Manuel"]
[Result "1-0"]
[WhiteElo "1889"]
[BlackElo "1711"]
[PlyCount "53"]
[EventDate "2014.11.23"]
[EventType "swiss"]
[EventRounds "7"]
[Source "lmi"]
[SourceDate "2014.11.23"]

1. e4 c5 2. Nf3 Nc6 3. Bb5 a6 4. Bxc6 bxc6 5. O-O d5 6. d3 Bg4 7. Nbd2 e6 8.
Qe1 Bxf3 9. Nxf3 Bd6 10. e5 Bc7 11. b3 Ne7 12. Qc3 Qb8 13. Ba3 Ng6 14. Qxc5 Qb5
15. Qe3 Nxe5 16. Nxe5 d4 17. Qg5 f6 18. Qxg7 O-O-O 19. Nf3 Qd5 20. Qxf6 Rhg8
21. Kh1 c5 22. Qh4 Rxg2 23. Qe4 Qh5 24. Kxg2 Rg8+ 25. Kh1 Rf8 26. Ne5 Bxe5 27.
f4 1-0

[Event "Pilsen Open 2014"]
[Site "Pilsen CZE"]
[Date "2014.11.25"]
[Round "3"]
[White "Paldus, Petr"]
[Black "Leseticky, Vladimir"]
[Result "1-0"]
[WhiteElo "2019"]
[BlackElo "1680"]
[PlyCount "31"]
[EventDate "2014.11.23"]
[EventType "swiss"]
[EventRounds "7"]
[Source "lmi"]
[SourceDate "2014.11.23"]

1. e4 e5 2. Nf3 Nf6 3. Nxe5 d6 4. Nf3 Nxe4 5. Qe2 Qe7 6. d3 Nf6 7. Bg5 Qxe2+ 8.
Bxe2 Be7 9. Nc3 c6 10. O-O-O d5 11. h3 Na6 12. d4 Nc7 13. Ne5 Ne6 14. Be3 Bd7
15. f4 O-O-O 16. Nxf7 1-0

[Event "Pilsen Open 2014"]
[Site "Pilsen CZE"]
[Date "2014.11.25"]
[Round "3"]
[White "Pospisil, Petr"]
[Black "Horyna, Josef"]
[Result "0-1"]
[WhiteElo "1713"]
[BlackElo "1865"]
[PlyCount "86"]
[EventDate "2014.11.23"]
[EventType "swiss"]
[EventRounds "7"]
[Source "lmi"]
[SourceDate "2014.11.23"]

1. d4 Nf6 2. Nf3 g6 3. c4 Bg7 4. Nc3 O-O 5. Bf4 d6 6. e3 c6 7. Bd3 Bg4 8. h3
Bxf3 9. Qxf3 Nbd7 10. Rd1 Qa5 11. O-O Rfe8 12. Bh2 Rad8 13. a3 e5 14. Ne4 Nxe4
15. Bxe4 exd4 16. exd4 Nf6 17. Bb1 Rd7 18. b4 Qd8 19. Ba2 d5 20. cxd5 Nxd5 21.
Bf4 Qf6 22. Bxd5 Rxd5 23. Be3 Qxf3 24. gxf3 Red8 25. Rd3 Bxd4 26. Re1 Bxe3 27.
Rdxe3 Rd1 28. Kf1 Rxe1+ 29. Kxe1 Kf8 30. Ke2 f5 31. f4 Kf7 32. h4 Rd5 33. Re5
h6 34. Ke3 Rd1 35. Kf3 Rd3+ 36. Re3 Rxe3+ 37. Kxe3 Ke6 38. Kd4 Kd6 39. Kc4 b6
40. a4 a6 41. b5 axb5+ 42. axb5 cxb5+ 43. Kxb5 Kd5 0-1

[Event "Pilsen Open 2014"]
[Site "Pilsen CZE"]
[Date "2014.11.25"]
[Round "3"]
[White "Truksa, Vaclav"]
[Black "Malek, Milan"]
[Result "1/2-1/2"]
[WhiteElo "1818"]
[BlackElo "1671"]
[PlyCount "56"]
[EventDate "2014.11.23"]
[EventType "swiss"]
[EventRounds "7"]
[Source "lmi"]
[SourceDate "2014.11.23"]

1. e4 c5 2. b4 cxb4 3. a3 d5 4. exd5 Qxd5 5. Bb2 e5 6. axb4 Bxb4 7. Na3 Bxa3 8.
Rxa3 Nc6 9. Rd3 Qa5 10. Rg3 Bf5 11. Bc4 Bg6 12. Nf3 O-O-O 13. O-O Nh6 14. Bb3
Qc5 15. Bc3 Nf5 16. Rg5 f6 17. Be6+ Kb8 18. Rxf5 Bxf5 19. Bxf5 Nd4 20. Bd3 Rhe8
21. Nxd4 exd4 22. Bb2 h5 23. Qf3 Qc7 24. Rb1 b6 25. h3 Re5 26. Ba3 Rc8 27. Qd1
Rg5 28. Qf3 Re5 1/2-1/2

[Event "Pilsen Open 2014"]
[Site "Pilsen CZE"]
[Date "2014.11.25"]
[Round "3"]
[White "Soutner, Jaroslav"]
[Black "Ruzicka, Vaclav"]
[Result "1-0"]
[WhiteElo "1771"]
[BlackElo "1671"]
[PlyCount "51"]
[EventDate "2014.11.23"]
[EventType "swiss"]
[EventRounds "7"]
[Source "lmi"]
[SourceDate "2014.11.23"]

1. e4 d5 2. exd5 Qxd5 3. Nf3 Bg4 4. Be2 Nf6 5. d4 e6 6. O-O Bd6 7. h3 Bh5 8. c4
Qc6 9. Nc3 a6 10. Re1 O-O 11. Be3 Qe8 12. Qb3 Qc8 13. Ne5 Bxe2 14. Rxe2 b6 15.
Bg5 Nh5 16. d5 f6 17. g4 Bxe5 18. gxh5 Bxc3 19. bxc3 fxg5 20. dxe6 Re8 21. c5
Re7 22. Qd5 c6 23. Qxg5 bxc5 24. Qxe7 Qf8 25. Qb7 Nd7 26. exd7 1-0

[Event "Pilsen Open 2014"]
[Site "Pilsen CZE"]
[Date "2014.11.25"]
[Round "3"]
[White "Klucznik, Andre"]
[Black "Pribyl, Viktor"]
[Result "1-0"]
[WhiteElo "1722"]
[BlackElo "1491"]
[PlyCount "103"]
[EventDate "2014.11.23"]
[EventType "swiss"]
[EventRounds "7"]
[Source "lmi"]
[SourceDate "2014.11.23"]

1. e4 c5 2. c3 d6 3. d4 Nf6 4. Bd3 Nc6 5. Ne2 g6 6. Be3 Bg7 7. dxc5 dxc5 8.
Bxc5 O-O 9. O-O Qc7 10. Be3 Rd8 11. Qc2 a6 12. Na3 b5 13. Bf4 e5 14. Bg5 Bb7
15. f4 exf4 16. Bxf4 Qe7 17. Ng3 Rac8 18. Qe2 Ne5 19. Bc2 Nc6 20. Rad1 b4 21.
Nc4 bxc3 22. bxc3 Rxd1 23. Rxd1 Ne8 24. e5 Rd8 25. Rxd8 Qxd8 26. Ne4 Qe7 27.
Ncd6 Nxe5 28. Nxb7 Qxb7 29. Bb3 Qb5 30. c4 Qc6 31. Nc3 Nxc4 32. Bxc4 Bxc3 33.
Bxa6 Nf6 34. Bb5 Qc5+ 35. Kf1 Qf5 36. g3 g5 37. Bd3 Qd5 38. Be3 Ne4 39. Qc2
Nd2+ 40. Kg1 Nf3+ 41. Kf2 Bf6 42. Bxh7+ Kg7 43. Be4 Qe6 44. Bxf3 Qh3 45. Kg1
Be5 46. Bg2 Qe6 47. a4 Bxg3 48. Qd2 Bh4 49. Bxg5 Qb6+ 50. Be3 Qb1+ 51. Bf1 Qa1
52. Bd4+ 1-0

[Event "Pilsen Open 2014"]
[Site "Pilsen CZE"]
[Date "2014.11.25"]
[Round "3"]
[White "Nemcova, Kamila"]
[Black "Friedel, Roland"]
[Result "1-0"]
[WhiteElo "1633"]
[BlackElo "1713"]
[PlyCount "45"]
[EventDate "2014.11.23"]
[EventType "swiss"]
[EventRounds "7"]
[Source "lmi"]
[SourceDate "2014.11.23"]

1. e4 e6 2. d4 d5 3. Nc3 dxe4 4. Nxe4 Bd7 5. Nf3 Bc6 6. Bd3 Nd7 7. O-O Ngf6 8.
Ng3 Bxf3 9. Qxf3 c6 10. Re1 Be7 11. b3 Qa5 12. Bb2 Ba3 13. Bxa3 Qxa3 14. Ne4
Qb2 15. Nd6+ Ke7 16. Nxb7 Qxd4 17. Qxc6 Rac8 18. Qa6 Qb4 19. Bf5 Rc7 20. Bxe6
fxe6 21. Qxe6+ Kf8 22. Nd6 Nc5 23. Qe8+ 1-0

[Event "Pilsen Open 2014"]
[Site "Pilsen CZE"]
[Date "2014.11.25"]
[Round "3"]
[White "Nechutny, Michal"]
[Black "Bechynsky, Jan"]
[Result "0-1"]
[WhiteElo "1478"]
[BlackElo "1873"]
[PlyCount "58"]
[EventDate "2014.11.23"]
[EventType "swiss"]
[EventRounds "7"]
[Source "lmi"]
[SourceDate "2014.11.23"]

1. e4 Nf6 2. Nc3 d5 3. exd5 Nxd5 4. Bc4 Nb6 5. Bb3 g6 6. Nf3 Bg7 7. O-O O-O 8.
d3 Nc6 9. Re1 a5 10. a3 Bg4 11. h3 Bxf3 12. Qxf3 Nd4 13. Qg3 a4 14. Ba2 Nxc2
15. Bf4 Nxa1 16. Bxc7 Qd4 17. Rxa1 Nd7 18. Rd1 e5 19. Qe3 Rac8 20. Ba5 Rfe8 21.
Qf3 Qf4 22. Qe2 Nf6 23. f3 Bf8 24. Ne4 Nxe4 25. dxe4 Rc1 26. Rxc1 Qxc1+ 27. Kh2
Bc5 28. Be1 Rc8 29. Bc4 Bd4 0-1

[Event "Pilsen Open 2014"]
[Site "Pilsen CZE"]
[Date "2014.11.25"]
[Round "3"]
[White "Malkova, Adriana"]
[Black "Steinkellner, Rudolf"]
[Result "1-0"]
[WhiteElo "1546"]
[BlackElo "1767"]
[PlyCount "57"]
[EventDate "2014.11.23"]
[EventType "swiss"]
[EventRounds "7"]
[Source "lmi"]
[SourceDate "2014.11.23"]

1. e4 d5 2. exd5 Qxd5 3. Nc3 Qd8 4. d4 Bf5 5. Nf3 e6 6. Bc4 Nf6 7. O-O Be7 8.
Bf4 c6 9. Qd2 O-O 10. Rad1 Bd6 11. Bxd6 Qxd6 12. h3 h6 13. Rfe1 Nbd7 14. Qe2
Nb6 15. Bb3 Nbd5 16. Nxd5 cxd5 17. c3 Rac8 18. Bc2 Bxc2 19. Qxc2 b5 20. Ne5 b4
21. Rc1 bxc3 22. bxc3 Nd7 23. Nxd7 Qxd7 24. Rb1 Rc4 25. Rb4 Rfc8 26. Rxc4 Rxc4
27. Rb1 Qc7 28. Rb3 Rxd4 29. Qb1 1-0

[Event "Pilsen Open 2014"]
[Site "Pilsen CZE"]
[Date "2014.11.25"]
[Round "3"]
[White "Hruby, Vaclav"]
[Black "Zoubek, Vladimir"]
[Result "1-0"]
[WhiteElo "1690"]
[BlackElo "1640"]
[PlyCount "145"]
[EventDate "2014.11.23"]
[EventType "swiss"]
[EventRounds "7"]
[Source "lmi"]
[SourceDate "2014.11.23"]

1. Nf3 Nf6 2. c4 e6 3. d4 d5 4. e3 Nc6 5. Nc3 Be7 6. b3 O-O 7. Bb2 b6 8. cxd5
exd5 9. Rc1 Bb7 10. Be2 Re8 11. O-O a6 12. Ne5 Bd6 13. f4 Ne7 14. Bd3 Ne4 15.
g4 f6 16. Nf3 Ng6 17. Nxe4 dxe4 18. Bc4+ Kf8 19. Nd2 b5 20. Be2 Bd5 21. Qe1 Qe7
22. Nb1 Nh8 23. h4 Kg8 24. Qa5 Nf7 25. Ba3 Rec8 26. Bxd6 Nxd6 27. Qd2 Qd7 28.
f5 Bb7 29. Rc5 Nf7 30. Qc2 Qd6 31. Kg2 Bd5 32. Rc1 g6 33. Rxc7 Rxc7 34. Qxc7
gxf5 35. Qxd6 Nxd6 36. Rc5 Bb7 37. gxf5 Kf7 38. Bh5+ Ke7 39. Rc7+ Kd8 40. Rxh7
Rc8 41. Rh8+ Ke7 42. Rxc8 Bxc8 43. Bg6 Bxf5 44. Bh5 Bh7 45. Bg4 Bg6 46. Nd2 f5
47. Be2 Be8 48. Kg3 Kf6 49. Kf4 Bd7 50. Nf1 Nf7 51. Ng3 Nh6 52. Nh5+ Kg6 53.
Kg3 Nf7 54. Nf4+ Kf6 55. Nd5+ Kg6 56. Nc7 Bc8 57. Nd5 Kh6 58. Kf4 Be6 59. Ne7
Bd7 60. Nxf5+ Kg6 61. Ng3 Kh6 62. Nxe4 Kg6 63. Nc5 Bc8 64. e4 Kf6 65. e5+ Ke7
66. d5 Kd8 67. b4 Kc7 68. h5 Kb6 69. e6 Nd6 70. h6 Nc4 71. h7 a5 72. h8=Q axb4
73. Qxc8 1-0

[Event "Pilsen Open 2014"]
[Site "Pilsen CZE"]
[Date "2014.11.25"]
[Round "3"]
[White "Baraniuk, Andrej"]
[Black "Stankova, Zuzana"]
[Result "1/2-1/2"]
[WhiteElo "1681"]
[BlackElo "1562"]
[PlyCount "57"]
[EventDate "2014.11.23"]
[EventType "swiss"]
[EventRounds "7"]
[Source "lmi"]
[SourceDate "2014.11.23"]

1. Nf3 d6 2. d4 Nf6 3. c4 g6 4. Nc3 Bg7 5. e4 Nbd7 6. g3 O-O 7. Bg2 e5 8. Be3
Re8 9. d5 h6 10. O-O a5 11. a4 Ng4 12. Bd2 Nc5 13. h3 Nf6 14. Qc2 Bd7 15. Ne1
Qc8 16. Kh2 Nh5 17. f3 g5 18. Nd3 Nxd3 19. Qxd3 f5 20. exf5 Bxf5 21. Ne4 Bd7
22. b3 Rf8 23. Rac1 b6 24. Qe2 Nf6 25. g4 Qe8 26. Rf2 Qg6 27. Rcf1 Rf7 28. Be3
Raf8 29. Kg1 1/2-1/2

[Event "Pilsen Open 2014"]
[Site "Pilsen CZE"]
[Date "2014.11.25"]
[Round "3"]
[White "Voith, Walter"]
[Black "Klimina, Nina"]
[Result "1-0"]
[WhiteElo "1650"]
[BlackElo "1404"]
[PlyCount "81"]
[EventDate "2014.11.23"]
[EventType "swiss"]
[EventRounds "7"]
[Source "lmi"]
[SourceDate "2014.11.23"]

1. e4 e6 2. d3 d5 3. Nd2 c5 4. Ngf3 Nc6 5. g3 Nge7 6. Bg2 g6 7. O-O Bg7 8. Re1
O-O 9. e5 Qc7 10. Qe2 b5 11. Nf1 d4 12. h4 h6 13. N1h2 f5 14. exf6 Rxf6 15. Ng4
Rf8 16. Nxh6+ Bxh6 17. Bxh6 Rf7 18. Ne5 Rh7 19. Bf4 Nd5 20. Nxg6 Qf7 21. Ne5
Nxf4 22. Nxf7 Nxe2+ 23. Rxe2 Bd7 24. Ne5 Rc8 25. Nxd7 Rxd7 26. Rxe6 Ne7 27. Bh3
Rf8 28. Rae1 Nd5 29. R6e5 Rd6 30. Be6+ Rxe6 31. Rxe6 Nb4 32. R1e2 Nxa2 33. Ra6
Nb4 34. Rxa7 Rc8 35. h5 Nd5 36. Rd7 Nf6 37. Rb7 b4 38. h6 Kh8 39. Ree7 Re8 40.
Rxe8+ Nxe8 41. Rb8 1-0

[Event "Pilsen Open 2014"]
[Site "Pilsen CZE"]
[Date "2014.11.26"]
[Round "4"]
[White "Roeder, Matthias"]
[Black "Ianov, Viktor"]
[Result "1/2-1/2"]
[WhiteElo "2411"]
[BlackElo "2300"]
[PlyCount "44"]
[EventDate "2014.11.23"]
[EventType "swiss"]
[EventRounds "7"]
[Source "lmi"]
[SourceDate "2014.11.23"]

1. Nf3 Nf6 2. c4 g6 3. Nc3 Bg7 4. e4 d6 5. d4 O-O 6. h3 e5 7. d5 a5 8. Be3 Na6
9. Be2 Bd7 10. Nd2 Kh8 11. h4 h5 12. Nb3 b6 13. Qd2 a4 14. Nc1 Nc5 15. f3 Qe7
16. Nd3 Nxd3+ 17. Bxd3 Nh7 18. O-O-O f5 19. Kb1 Rf7 20. Bc2 Qf8 21. Rde1 Qd8
22. a3 Nf6 1/2-1/2

[Event "Pilsen Open 2014"]
[Site "Pilsen CZE"]
[Date "2014.11.26"]
[Round "4"]
[White "Chudinovskikh, Alexander M"]
[Black "Ivanov, Mikhail"]
[Result "1/2-1/2"]
[WhiteElo "2242"]
[BlackElo "2380"]
[PlyCount "20"]
[EventDate "2014.11.23"]
[EventType "swiss"]
[EventRounds "7"]
[Source "lmi"]
[SourceDate "2014.11.23"]

1. e4 c6 2. Nf3 d5 3. Nc3 Bg4 4. h3 Bxf3 5. Qxf3 dxe4 6. Nxe4 Nf6 7. d3 Nxe4 8.
dxe4 Nd7 9. Bf4 Qa5+ 10. Bd2 Qb6 1/2-1/2

[Event "Pilsen Open 2014"]
[Site "Pilsen CZE"]
[Date "2014.11.26"]
[Round "4"]
[White "Kourousis, Epaminondas"]
[Black "Burnett, Andrew"]
[Result "1/2-1/2"]
[WhiteElo "2380"]
[BlackElo "2269"]
[PlyCount "26"]
[EventDate "2014.11.23"]
[EventType "swiss"]
[EventRounds "7"]
[Source "lmi"]
[SourceDate "2014.11.23"]

1. d4 Nf6 2. c4 c5 3. d5 e5 4. Nc3 d6 5. e4 Nbd7 6. g3 g6 7. Bg2 Bg7 8. Nf3 a6
9. a4 O-O 10. O-O h6 11. Ne1 Nh5 12. Nd3 Qe8 13. f4 exf4 1/2-1/2

[Event "Pilsen Open 2014"]
[Site "Pilsen CZE"]
[Date "2014.11.26"]
[Round "4"]
[White "Piankov, Evgenij"]
[Black "Simantsev, Mikhail"]
[Result "0-1"]
[WhiteElo "2283"]
[BlackElo "2452"]
[PlyCount "94"]
[EventDate "2014.11.23"]
[EventType "swiss"]
[EventRounds "7"]
[Source "lmi"]
[SourceDate "2014.11.23"]

1. d4 Nf6 2. c4 e6 3. Nf3 c5 4. d5 exd5 5. cxd5 d6 6. Nc3 g6 7. Bf4 a6 8. a4
Bg7 9. h3 O-O 10. e3 Re8 11. Be2 Ne4 12. Qb3 Qa5 13. Ra3 Nd7 14. O-O Nb6 15.
Bd3 Nxc3 16. bxc3 Bd7 17. Bxd6 Bxa4 18. Qa2 c4 19. Bc2 Qxd5 20. Rd1 Bb3 21.
Bxb3 cxb3 22. Qxb3 Qc6 23. Bf4 Nc4 24. Ra2 b5 25. Nd4 Qb7 26. Rb1 Rec8 27. Qd1
Nb6 28. Rc2 Rc4 29. Ne2 Nd5 30. Rbc1 Rac8 31. Rd2 Nxf4 32. Rd8+ Rxd8 33. Qxd8+
Bf8 34. Nxf4 Rc8 35. Qd3 b4 36. Nd5 b3 37. Rb1 a5 38. e4 a4 39. Qd4 Qa6 40.
Nf6+ Kh8 41. Nh5+ f6 42. Nxf6 Bg7 43. e5 a3 44. Rxb3 a2 45. Qd7 a1=Q+ 46. Kh2
Qe1 47. f4 Qh4 0-1

[Event "Pilsen Open 2014"]
[Site "Pilsen CZE"]
[Date "2014.11.26"]
[Round "4"]
[White "Jurek, Josef"]
[Black "Svidinsky, Dmtry"]
[Result "1-0"]
[WhiteElo "2301"]
[BlackElo "2073"]
[PlyCount "57"]
[EventDate "2014.11.23"]
[EventType "swiss"]
[EventRounds "7"]
[Source "lmi"]
[SourceDate "2014.11.23"]

1. c4 f5 2. Nf3 Nf6 3. g3 g6 4. b3 Bg7 5. Bb2 O-O 6. Bg2 d6 7. d4 c6 8. O-O Qc7
9. Nbd2 Re8 10. Re1 e5 11. dxe5 dxe5 12. e4 fxe4 13. Ng5 Bg4 14. Qc2 Na6 15.
Ndxe4 Nxe4 16. Nxe4 Rad8 17. a3 Qe7 18. c5 Bf5 19. b4 Bxe4 20. Rxe4 Qg5 21.
Rae1 Nc7 22. f4 exf4 23. Qc4+ Kh8 24. Qf7 Rg8 25. Re7 Ne6 26. R1xe6 Rd1+ 27.
Bf1 Qh6 28. Qxg7+ Qxg7 29. Rxg7 1-0

[Event "Pilsen Open 2014"]
[Site "Pilsen CZE"]
[Date "2014.11.26"]
[Round "4"]
[White "Kaiser, Dieter"]
[Black "Malinovsky, Petr"]
[Result "1-0"]
[WhiteElo "2254"]
[BlackElo "2024"]
[PlyCount "43"]
[EventDate "2014.11.23"]
[EventType "swiss"]
[EventRounds "7"]
[Source "lmi"]
[SourceDate "2014.11.23"]

1. e4 c5 2. Nc3 e6 3. Nf3 Nc6 4. Be2 Nf6 5. O-O Be7 6. d4 cxd4 7. Nxd4 d5 8.
exd5 exd5 9. Bf4 a6 10. Bf3 O-O 11. Re1 Re8 12. Qd3 Bg4 13. Bxg4 Nxg4 14. Nf5
Bc5 15. Rxe8+ Qxe8 16. Bg3 Rd8 17. Nxd5 Nb4 18. Qc3 f6 19. Nxb4 Qe2 20. Nd3
Nxf2 21. Qc4+ Kh8 22. Qxc5 1-0

[Event "Pilsen Open 2014"]
[Site "Pilsen CZE"]
[Date "2014.11.26"]
[Round "4"]
[White "Palek, Miroslav"]
[Black "Sideris, Nikiforos"]
[Result "1-0"]
[WhiteElo "2226"]
[BlackElo "2017"]
[PlyCount "107"]
[EventDate "2014.11.23"]
[EventType "swiss"]
[EventRounds "7"]
[Source "lmi"]
[SourceDate "2014.11.23"]

1. e4 c5 2. Nf3 d6 3. Bb5+ Nc6 4. c3 Bd7 5. O-O Nf6 6. Re1 a6 7. Bf1 Bg4 8. h3
Bxf3 9. Qxf3 e6 10. d3 Be7 11. Qg3 O-O 12. Bh6 Ne8 13. Bf4 Nf6 14. Be2 Kh8 15.
Nd2 d5 16. Bf3 dxe4 17. dxe4 e5 18. Be3 b5 19. Red1 Qc7 20. Be2 Rad8 21. Qf3
Na5 22. Bg5 Qb7 23. Nf1 h6 24. Bxf6 Bxf6 25. Ne3 Bg5 26. Nd5 Nc4 27. Bxc4 bxc4
28. Qe2 f5 29. f3 fxe4 30. fxe4 Rf7 31. Rf1 Rdf8 32. Rxf7 Rxf7 33. Rf1 Rxf1+
34. Kxf1 Bc1 35. Qxc4 Qxb2 36. Qxa6 Bg5 37. Qe2 Bd2 38. Qc4 Bg5 39. g3 Kh7 40.
h4 Qc1+ 41. Kf2 Bd2 42. Ne7 Be1+ 43. Kg2 Qd2+ 44. Kh1 Qd8 45. Qf7 Bxc3 46. Kg2
Qd2+ 47. Kh3 Qd7+ 48. Qf5+ Qxf5+ 49. Nxf5 Kg6 50. a4 Kf6 51. h5 g6 52. Ne3 Be1
53. hxg6 Kxg6 54. Nc4 1-0

[Event "Pilsen Open 2014"]
[Site "Pilsen CZE"]
[Date "2014.11.26"]
[Round "4"]
[White "Kucera, Tomas"]
[Black "Kuba, Stanislav"]
[Result "0-1"]
[WhiteElo "1978"]
[BlackElo "2174"]
[PlyCount "66"]
[EventDate "2014.11.23"]
[EventType "swiss"]
[EventRounds "7"]
[Source "lmi"]
[SourceDate "2014.11.23"]

1. e4 g6 2. d4 Bg7 3. Nc3 d6 4. Bc4 Nf6 5. Qe2 c6 6. e5 dxe5 7. dxe5 Nd5 8. Bd2
Na6 9. O-O-O Nac7 10. f4 Rb8 11. Nf3 Bg4 12. h3 Bxf3 13. Qxf3 b5 14. Bd3 b4 15.
Nxd5 cxd5 16. f5 Bxe5 17. fxg6 hxg6 18. Rde1 Bg7 19. Rhf1 O-O 20. Qg4 Qd6 21.
h4 e5 22. h5 e4 23. h6 Be5 24. Be2 Kh7 25. Qg5 Ne6 26. Qg4 f5 27. Qh3 Bg3 28.
Bd1 d4 29. Kb1 Bxe1 30. Bxe1 a5 31. Rh1 Rbc8 32. Qh4 Rf7 33. Rf1 d3 0-1

[Event "Pilsen Open 2014"]
[Site "Pilsen CZE"]
[Date "2014.11.26"]
[Round "4"]
[White "Borisek, Anze"]
[Black "Egorov, Konstantin"]
[Result "0-1"]
[WhiteElo "1934"]
[BlackElo "2089"]
[PlyCount "62"]
[EventDate "2014.11.23"]
[EventType "swiss"]
[EventRounds "7"]
[Source "lmi"]
[SourceDate "2014.11.23"]

1. d4 d5 2. Bg5 Nf6 3. Bxf6 exf6 4. e3 g6 5. c4 c6 6. cxd5 cxd5 7. Qb3 Qa5+ 8.
Nc3 Bb4 9. Nge2 O-O 10. Nf4 Bxc3+ 11. Qxc3 Qxc3+ 12. bxc3 Be6 13. c4 dxc4 14.
Nxe6 fxe6 15. Bxc4 Kf7 16. Rb1 b6 17. d5 Ke7 18. dxe6 Nc6 19. Rd1 Rad8 20. Ke2
Rxd1 21. Rxd1 Rd8 22. Bd5 Nb4 23. e4 f5 24. Ke3 fxe4 25. Kxe4 Nxa2 26. Ra1 Nc3+
27. Kf3 Nxd5 28. Rxa7+ Kd6 29. Rxh7 Rb8 30. Rg7 Ne7 31. Ke4 Rh8 0-1

[Event "Pilsen Open 2014"]
[Site "Pilsen CZE"]
[Date "2014.11.26"]
[Round "4"]
[White "Braeuer, Karl Heinz"]
[Black "Simet, Martin"]
[Result "1-0"]
[WhiteElo "2087"]
[BlackElo "1923"]
[PlyCount "79"]
[EventDate "2014.11.23"]
[EventType "swiss"]
[EventRounds "7"]
[Source "lmi"]
[SourceDate "2014.11.23"]

1. d4 d5 2. Nf3 Nf6 3. Bf4 c5 4. c3 Nc6 5. e3 Qb6 6. Qb3 c4 7. Qc2 Bf5 8. Qc1
e6 9. Nbd2 Be7 10. Be2 O-O 11. Nh4 Bg4 12. Bxg4 Nxg4 13. Nhf3 f5 14. h3 Nf6 15.
O-O Ne4 16. Nxe4 fxe4 17. Ne5 Nxe5 18. Bxe5 Bd6 19. Bxd6 Qxd6 20. b3 b5 21. Rb1
cxb3 22. Rxb3 a6 23. Qd1 Rf7 24. Qg4 Rc8 25. f3 Rcf8 26. Rbb1 exf3 27. Rxf3
Rxf3 28. gxf3 Rf6 29. Kh1 Qa3 30. Qg3 Qxc3 31. Rg1 g6 32. Qe5 Kf7 33. h4 Qc8
34. h5 Ke7 35. h6 Qf8 36. Rc1 Qxh6+ 37. Kg2 Qf8 38. Rc6 Qd8 39. Rxa6 Qd7 40.
Qb8 1-0

[Event "Pilsen Open 2014"]
[Site "Pilsen CZE"]
[Date "2014.11.26"]
[Round "4"]
[White "Simkin, Alexander"]
[Black "Grove, Michael"]
[Result "0-1"]
[WhiteElo "1890"]
[BlackElo "2083"]
[PlyCount "106"]
[EventDate "2014.11.23"]
[EventType "swiss"]
[EventRounds "7"]
[Source "lmi"]
[SourceDate "2014.11.23"]

1. e4 e5 2. Nf3 Nc6 3. Bb5 f5 4. Nc3 fxe4 5. Nxe4 Nf6 6. Nxf6+ gxf6 7. d4 Bg7
8. dxe5 O-O 9. O-O fxe5 10. Bc4+ Kh8 11. Ng5 Qe8 12. Qd5 Nd8 13. Bd3 Ne6 14.
Nxh7 Nf4 15. Bxf4 Rxf4 16. Ng5 c6 17. Qb3 d5 18. Be2 Qe7 19. Qg3 Bh6 20. Nh3
Rh4 21. Kh1 Bf5 22. f4 Bxh3 23. gxh3 Bxf4 24. Qg2 Rg8 25. Qf3 Qh7 26. Rg1 Rxg1+
27. Kxg1 Rxh3 28. Qg4 Rxh2 29. Qc8+ Qg8+ 30. Qxg8+ Kxg8 31. Bd1 Kf7 32. a4 Rd2
33. Kf1 a5 34. Ke1 Rh2 35. Ra3 Ke6 36. Rb3 Rh1+ 37. Ke2 Rh7 38. Kf2 Kd6 39. Kf1
e4 40. Bg4 Rh1+ 41. Ke2 Rh2+ 42. Kd1 Rd2+ 43. Ke1 Rxc2 44. Rxb7 Rg2 45. Be2 d4
46. Rf7 Be5 47. Kf1 Rh2 48. b3 d3 49. Bg4 Kc5 50. Re7 Kd4 51. Re6 e3 52. Rxc6
e2+ 53. Bxe2 dxe2+ 0-1

[Event "Pilsen Open 2014"]
[Site "Pilsen CZE"]
[Date "2014.11.26"]
[Round "4"]
[White "Janska, Jitka"]
[Black "Plchot, Miroslav"]
[Result "1-0"]
[WhiteElo "2077"]
[BlackElo "1918"]
[PlyCount "87"]
[EventDate "2014.11.23"]
[EventType "swiss"]
[EventRounds "7"]
[Source "lmi"]
[SourceDate "2014.11.23"]

1. e4 c5 2. Nc3 Nc6 3. Bb5 a6 4. Bxc6 dxc6 5. d3 e5 6. h3 Bd6 7. Nf3 h6 8. O-O
Ne7 9. b3 Ng6 10. Bb2 O-O 11. Ne2 Qf6 12. Nh2 Nf4 13. Nxf4 Qxf4 14. Qf3 Qg5 15.
Qg3 Qe7 16. f4 f5 17. fxe5 Bc7 18. Rae1 Be6 19. Nf3 Rae8 20. Nh4 fxe4 21. Rxf8+
Qxf8 22. dxe4 c4 23. Bd4 cxb3 24. axb3 Qb4 25. c3 Qxb3 26. Nf5 Bxf5 27. exf5
Qf7 28. Qg4 h5 29. Qg5 Bd8 30. Qf4 Qf8 31. Qf3 c5 32. Bf2 g6 33. Qd5+ Kh7 34.
Qxb7+ Re7 35. fxg6+ Kxg6 36. Qxa6+ Kh7 37. Bxc5 Qe8 38. Bxe7 Bxe7 39. Qd3+ Kh6
40. Kh1 Qc6 41. Ra1 Qe8 42. Ra6+ Kg7 43. Qe3 Qh8 44. Qg3+ 1-0